| 000 | 00000nam##2200000za#4500 |
| 001 | 9.682386 |
| 003 | CaOODSP |
| 005 | 20210615132901 |
| 007 | ta |
| 008 | 150407|2003||||xxc||||| f|0| 0 fre|d |
| 020 | |a0-662-75225-2 |
| 040 | |aCaOODSP|bfre |
| 043 | |an-cn--- |
| 086 | 1 |aEn49-16/4F |
| 110 | 1 |aCanada.|bEnvironnement Canada. |bInventaire national des rejets de polluants. |
| 245 | 10|a2001 compte rendu national -- Inventaire national des rejets de polluants. Élimination finale et transferts hors site pour traitement avant élimination finale |
| 260 | |aOttawa - Ontario : |bEnvironnement Canada. |c2003. |
| 300 | |a18p. : |bfigures, tableaux ; |c28 cm. |
| 500 | |a«Loi canadienne sur la protection de l'environnement de 1999». |
| 504 | |aBibliographie. |
| 520 | 3 |aCe rapport présente l’Inventaire national des rejets de polluants (INRP), y compris des ajouts et d’autres nouveautés en 2001. Il résume les moyens pris par l’industrie en vue de l’élimination finale sur place et hors site des polluants répertoriés à l’INRP, et donne la liste des 25 polluants de l’INRP expédiés en plus grandes quantités en 2001. Il offre également un résumé des transferts hors site pour traitement avant élimination finale en 2001. Bibliographie comprenant plusieurs publications gouvernementales et sites Web ainsi que le nom de personnes-ressources d’autres organismes pertinents. |
| 563 | |aCouverture souple |
| 590 | |a04-06|b2004-02-06 |
| 691 | 07|aPollution|2gcpds |
| 691 | 07|aProtection de l'environnement|2gcpds |
| 775 | 08|t2001 national overview -- National Pollutant Release Inventory. Final disposal and off-site transfers for treatment prior to final disposal |w(CaOODSP)9.649171 |
| 776 | 0#|t2001 compte rendu national – Inventaire national des rejets de polluants |w(CaOODSP)9.640259 |
| 986 | |aSPE 5/NP/4F |